Statistiques concernant Culture Générale - Série 99

Cliquez ici pour prendre le quiz!

Statistiques générales

  • Ce quiz a été pris 377 fois
  • Le résultat moyen est 7 sur 10

Statistiques - réponses

QuestionRéponse% Correct
A partir du lait de quel animal le brie de Meaux est-il fabriqué ?Vache
97%
De quel fleuve le Lot est-il un affluent ?Garonne
93%
Quelle pièce d'un jeu d'échecs peut se transformer en reine ?Pion
85%
Selon l'expression, sur quel astre peut-on tirer des plans ?La comète
83%
Quelle est la couleur du complet de C. Aznavour dans "Je m'voyais déjà" ?Bleu
76%
De quel écrivain Frédéric Chopin fut-il le compagnon de 1837 à 1848 ?George Sand
61%
Quel est le prénom de la femme de Babar ?Céleste
58%
En mathématiques, que signifie le M quand on parle du PPCM ?Multiple
55%
Qui fut "Manon des sources" dans le film de Claude Berri en 1986 ?Emmanuelle Béart
54%
A quel maire parisien doit-on l'instauration des "Nuits blanches" ?Bertrand Delanoë
48%

Distribution des résultats

Percentile par nombre de réponses

% des personnes avec chaque résultat

Votre développement - résultats

Vous n’avez pas pris ce quiz